| 000 | 00694nam a22002172 4500 | ||
|---|---|---|---|
| 001 | 0000003021 | ||
| 005 | 20170406114704.0 | ||
| 008 | 140430s xx 000 0 eng d | ||
| 020 |
_a177910006X : _c$ |
||
| 040 |
_aYour Holding Symbol _cYour Holding Symbol |
||
| 100 | 1 | _aWatson Barrington. | |
| 245 | 1 | 4 |
_aThe Pan-Africanists / _cBarrington Watson. |
| 250 | _a ed. | ||
| 260 |
_aCaribbean : _bIan Randle Publishers, _c2000. |
||
| 300 |
_a86 p. : _bill ; _c cm. |
||
| 504 | _aIncludes Index. | ||
| 591 |
_a24 April 2014 _bPurchased _cAfrican Publishing Group |
||
| 650 | 0 |
_aHistory _xPan-Africanists. |
|
| 700 | 1 | 0 | _aKofi Anan, Dudely Thompson. |
| 908 | _a140430 | ||
| 999 |
_c2901 _d2901 |
||